000 01012nam a22003257a 4500
003 CHAP
005 20220817042822.0
008 971013s1965 r 00010 d
010 _a56649
011 _a57621
035 _a61776
040 _cCHAP
082 _a591.1
_bS24Y
100 0 0 _aSchmidt - Nielsen, Knut.
245 _aFisiología animal
260 _aMéxico :
_bUTEHA,
_c1965
300 _a201 p.
_b: ilus.
490 _aManuales UTHEA
_v; 249/249a
590 _aBATCH-UPD
_b10
_c20130110
_lUCH01
_h2015
590 _aBATCH-UPD
_b10
_c20130410
_lUCH01
_h1334
590 _aBATCH-UPD
_b10
_c20130914
_lUCH01
_h1412
590 _aCONVERSION
_b10
_c20130109
_lUCH01
_h1330
650 1 4 _aFisiología animal.
_941131
650 1 4 _aFisiología comparada.
_941133
830 0 _aManuales UTHEA
_v; 249/249a
_970713
901 _aBK
942 _cLIBRO
949 _a591.1 S24Y
_bBC
_cLIBRO
_d-132612
_eLIBRO
_fc.2
_h28333
_i61776
_si
949 _a591.1 S24Y
_bBC
_cLIBRO
_d33724000373072
_eLIBRO
_fc.3
_h79592
_i61776
_si
999 _c56649
_d56649